| 000 | 00674nam a22002297a 4500 | ||
|---|---|---|---|
| 003 | DO-SdBNP | ||
| 005 | 20240409073827.0 | ||
| 007 | ta | ||
| 008 | 220613b2022 dr ||||| |||| 00| 0 spa d | ||
| 020 | _a9789945933734 | ||
| 040 |
_aDO-SdBNP _bspa _cBNPHU |
||
| 082 | 4 |
_aRD863.5 _bP438p _222 |
|
| 100 | 1 |
_aPérez, Chiqui _981848 |
|
| 245 | 1 | 0 |
_aPepe no es un nombre común / _cChiqui Pérez |
| 260 |
_aSanto Domingo : _bUME, _c2022. |
||
| 300 |
_a92 p. ; _c20 cm. |
||
| 590 | _aInventariado, 2022/BT | ||
| 650 | 0 |
_aCuentos infantiles dominicanos _9505 |
|
| 650 | 4 | _aLiteratura infantil dominicana | |
| 910 | _aBtavárez/Validado. Control de calidad MFF | ||
| 942 |
_2ddc _cLBS1 |
||
| 999 |
_c52021 _d52021 |
||